000 00765nam a22002657a 4500
003 CHAP
005 20220329140901.0
008 971013s1969 r 00010 d
010 _a59245
011 _a60217
035 _a64377
040 _cCHAP
082 _a517.5
_bP7Y
100 0 0 _aProtter, Murray H.
_992474
245 _aAnálisis matemático
260 _aBogotá :
_bFondo Educativo Interamericano,
_c1969
300 _a790 p.
590 _aBATCH-UPD
_b10
_c20130110
_lUCH01
_h2037
590 _aBATCH-UPD
_b10
_c20130410
_lUCH01
_h1352
590 _aCONVERSION
_b10
_c20130109
_lUCH01
_h1332
650 1 4 _aAnalisis matematico.
_95988
901 _aBK
942 _cLIBRO
949 _a517.5 P7Y
_bBC
_cLIBRO
_d33724002110413
_eLIBRO
_h45553
_i64377
_si
_t270.00
999 _c59245
_d59245